[Event "NRW Class1 0809"]
[Site "Germany"]
[Date "2008.11.30"]
[Round "4.7"]
[White "Huelsmann, Josef"]
[Black "Mihalevica, Diana"]
[Result "1-0"]
[WhiteElo "2239"]
[BlackElo "2121"]
[PlyCount "75"]
[EventDate "2008.09.21"]
[EventType "team-tourn"]
[EventRounds "9"]
[EventCountry "GER"]
[SourceTitle "EXT 2010"]
[Source "ChessBase"]
[SourceDate "2010.11.25"]
[SourceVersion "1"]
[SourceVersionDate "2010.11.25"]
[SourceQuality "1"]
[WhiteTeam "Monheim"]
[BlackTeam "Koeln Porz II"]
[WhiteTeamCountry "GER"]
[BlackTeamCountry "GER"]

1. d4 d5 2. Nf3 Nf6 3. g3 e6 4. Bg2 Be7 5. 0-0 0-0 6. c4 c5 7. dxc5 Bxc5 8. Bg5 dxc4 9. Qc2 Nc6 10. Nbd2 Bd7 11. Qxc4 Be7 12. Rad1 Nd5 13. Bxe7 Qxe7 14. e4 Nb6 15. Qb3 e5 16. a3 Rac8 17. Rc1 Rfd8 18. Qe3 Be6 19. Rfd1 f6 20. Bf1 Rc7 21. Nb3 Bf7 22. Rxd8+ Qxd8 23. Be2 Kh8 24. Kg2 Bxb3 25. Qxb3 Nd4 26. Rd1 Rd7 27. Nxd4 exd4 28. a4 Qe7 29. a5 Nc8 30. Qc4 Qd8 31. Bg4 h5 32. Bxd7 Qxd7 33. Rxd4 Qe8 34. Qd3 Kh7 35. e5+ Kh6 36. exf6 gxf6 37. Rd7 Ne7 38. Qe3+ 1-0